| 000 | 00471nam a2200181 a 4500 | ||
|---|---|---|---|
| 005 | 20260322212054.0 | ||
| 008 | data | ||
| 096 | _aWS 113 Ad59e 1930 | ||
| 100 | 1 |
_aAdler, Alfred, _d1870-1937. |
|
| 245 | 1 | 4 |
_aThe education of children. _cAlfred Adler. |
| 260 |
_aLondon _bGeorge Allen & Unwin Limited _c 1957 |
||
| 300 |
_a309 p. ; _c 21 cm. |
||
| 650 | 4 | _aChild analysis. | |
| 650 | 0 | 2 | _aChild Psychology |
| 650 | 0 | 2 | _aChild Rearing |
| 650 | 0 | 2 | _aPsychoanalysis |
| 001 | data | ||
| 999 |
_c1290 _d1290 |
||